Liga Mistrzów - najlepsi strzelcy w każdym sezonie - Statystyki

Ogólne statystyki
  • Ten quiz został rozwiązany 697 razy
  • Średni wynik to 24 z 68
Statystyki odpowiedzi
Sezon Zawodnik Klub Gole % Poprawnych
2017/18 Cristiano Ronaldo Real Madryt 15
99%
2016/17 Cristiano Ronaldo Real Madryt 12
99%
2015/16 Cristiano Ronaldo Real Madryt 16
99%
2013/14 Cristiano Ronaldo Real Madryt 17
99%
2012/13 Cristiano Ronaldo Real Madryt 12
99%
2007/08 Cristiano Ronaldo Manchester United 8
99%
2018/19 Lionel Messi FC Barcelona 12
99%
2014/15 Lionel Messi FC Barcelona 10
99%
2011/12 Lionel Messi FC Barcelona 14
99%
2010/11 Lionel Messi FC Barcelona 12
99%
2009/10 Lionel Messi FC Barcelona 8
99%
2008/09 Lionel Messi FC Barcelona 9
99%
2019/20 Robert Lewandowski Bayern Monachium 15
99%
2022/23 Erling Haaland Manchester City 12
96%
2020/21 Erling Haaland Borussia Dortmund 10
96%
2021/22 Karim Benzema Real Madryt 15
96%
2006/07 Kaká AC Milan 10
71%
2005/06 Andriy Shevchenko AC Milan 9
50%
1998/99 Andriy Shevchenko Dynamo Kijów 10
50%
1976/77 Gerd Müller Bayern Monachium 5
50%
1974/75 Gerd Müller Bayern Monachium 5
50%
1973/74 Gerd Müller Bayern Monachium 8
50%
1972/73 Gerd Müller Bayern Monachium 11
50%
1957/58 Alfredo Di Stéfano Real Madryt 10
47%
1959/60 Ferenc Puskás Real Madryt 12
39%
1988/89 Marco van Basten AC Milan 10
38%
1997/98 Alessandro Del Piero Juventus 10
36%
1967/68 Eusébio Benfica 6
36%
1999/00 Rivaldo FC Barcelona 10
35%
2002/03 Ruud van Nistelrooy Manchester United 14
32%
2001/02 Ruud van Nistelrooy Manchester United 10
32%
2003/04 Fernando Morientes Monaco 9
22%
1991/92 Jean-Pierre Papin Olympique Marsylia 7
21%
1990/91 Jean-Pierre Papin Olympique Marsylia 6
21%
1989/90 Jean-Pierre Papin Olympique Marsylia 6
21%
2004/05 Adriano Inter Mediolan 10
18%
1994/95 George Weah PSG 8
15%
1992/93 Romário PSV 7
14%
1982/83 Paolo Rossi Juventus 5
10%
1995/96 Jari Litmanen Ajax 9
9%
1968/69 Denis Law Manchester United 9
7%
1964/65 José Augusto Torres Benfica 11
5%
2000/01 Mário Jardel Galatasaray 9
4%
1975/76 Jupp Heynckes Borussia Monchengladbach 6
3%
1958/59 Just Fontaine Reims 10
3%
1987/88 Míchel Real Madryt 4
3%
1977/78 Allan Simonsen Borussia Monchengladbach 5
2%
1965/66 Flórián Albert Ferencvaros 7
2%
1962/63 José Altafini AC Milan 14
2%
1963/64 Sandro Mazzola Inter Mediolan 7
2%
1981/82 Dieter Hoeness Bayern Monachium 7
1%
1960/61 José Águas Benfica 11
1%
1996/97 Ally McCoist Rangers 6
0%
1970/71 Andonis Andoniadis Panathinaikos 10
0%
1986/87 Borislav Cvetković Crvena Zvezda 7
0%
1978/79 Claudio Sulser Grashoppers 11
0%
1956/57 Dennis Viollet Manchester United 9
0%
1961/62 Heinz Strehl Nürnberg 8
0%
1966/67 Jürgen Piepenburg Vorwarts 6
0%
1969/70 Mick Jones Leeds 8
0%
1955/56 Miloš Milutinović FK Partizan 8
0%
1971/72 Silvester Takač Standard Liege 5
0%
1979/80 Sören Lerby Ajax 10
0%
1980/81 Terry McDermott Liverpool 6
0%
1985/86 Torbjörn Nilsson IFK Goteborg 7
0%
1984/85 Torbjörn Nilsson IFK Goteborg 7
0%
1983/84 Viktor Sokol Dynamo Mińsk 6
0%
1993/94 Wynton Rufer Werder Brema 8
0%
Nie znaleziono quizów pasujących do podanych kryteriów
Rozkład punktacji
Procent ludzi z każdym wynikiem
Percentyl według liczby udzielonych odpowiedzi
Twoja historia wyników
Nie rozwiązałeś tego quizu